Divine dwellers in the desert (Record no. 542279)
[ view plain ]
| 000 -LEADER | |
|---|---|
| fixed length control field | 00606nam a22001697a 4500 |
| 082 ## - DEWEY DECIMAL CLASSIFICATION NUMBER | |
| Classification number | 297.4 |
| Author Mark | GUR |
| -- | L-31,P-21. |
| 100 1# - MAIN ENTRY--PERSONAL NAME | |
| Personal name | Mallik, Gurdial. |
| 9 (RLIN) | 37411 |
| 245 10 - TITLE STATEMENT | |
| Title | Divine dwellers in the desert |
| Statement of responsibility, etc. | Gurdial Mallik. |
| 260 ## - PUBLICATION, DISTRIBUTION, ETC. | |
| Place of publication, distribution, etc. | Bombay : |
| Name of publisher, distributor, etc. | Nalanda Publications, |
| Date of publication, distribution, etc. | c1949. |
| 300 ## - PHYSICAL DESCRIPTION | |
| Extent | 80 p. ; |
| Dimensions | 21 cm. |
| 500 ## - GENERAL NOTE | |
| General note | Master microform held by: ICRL. |
| 520 ## - SUMMARY, ETC. | |
| Summary, etc. | Based on lectures delivered during 1932-33 at Visvabharati, Santiniketan, on the mystics of Sindh, Pakistan. |
| 526 ## - STUDY PROGRAM INFORMATION NOTE | |
| Program name | 0 |
| Interest level | 0 |
| Reading level | 0 |
| Title point value | 297_400000000000000_GUR |
| 650 #0 - SUBJECT ADDED ENTRY--TOPICAL TERM | |
| Topical term or geographic name entry element | MCE |
| 9 (RLIN) | 379 |
| 650 #0 - SUBJECT ADDED ENTRY--TOPICAL TERM | |
| Topical term or geographic name entry element | Sufism |
| Geographic subdivision | Pakistan |
| -- | Sindh. |
| 9 (RLIN) | 37412 |
| 942 ## - ADDED ENTRY ELEMENTS (KOHA) | |
| Source of classification or shelving scheme | |
| Koha item type | Book |
| Withdrawn status | Lost status | Source of classification or shelving scheme | Damaged status | Not for loan | Permanent Location | Current Location | Date acquired | Total Checkouts | Full call number | Barcode | Date last seen | Price effective from | Koha item type |
|---|---|---|---|---|---|---|---|---|---|---|---|---|---|
| Military College of Engineering (MCE) | Military College of Engineering (MCE) | 10/01/2013 | 297.4 GUR | MCE-25582 | 10/01/2013 | 10/01/2013 | Book |
